| 000 | 00637cab a2200217 4500 | ||
|---|---|---|---|
| 001 | WB2515-26 | ||
| 008 | 090401t1989 xxu||||| |||| 00| 0 eng d | ||
| 035 | _a(Sirsi) u10917 | ||
| 041 | _aeng | ||
| 245 | _aNew agency system based on UNIX | ||
| 260 | _c1989 | ||
| 350 | _a0 | ||
| 490 |
_aEstates Gazette _vno 8915, 15/4/89 p28 |
||
| 520 | _aBriefly describes the Vitesse Property System, developed by Cambridge Micro Computers to run on the UNIX operating system. | ||
| 650 | _aCOMPUTERS | ||
| 650 | _aHAMPTONS | ||
| 650 |
_aProperty management _96262 |
||
| 690 | _aPRACTICE AND TECHNIQUES | ||
| 942 | _n0 | ||
| 948 | _c04/03/1997 | ||
| 999 |
_c6952 _d6952 |
||